<?xml version="1.0" encoding="UTF-8"?>
<record
    xmlns:xsi="http://www.w3.org/2001/XMLSchema-instance"
    xsi:schemaLocation="http://www.loc.gov/MARC21/slim http://www.loc.gov/standards/marcxml/schema/MARC21slim.xsd"
    xmlns="http://www.loc.gov/MARC21/slim">

  <leader>00940nam a2200145   4500</leader>
  <controlfield tag="008">069.15 SI563p</controlfield>
  <datafield tag="020" ind1=" " ind2=" ">
    <subfield code="a">978930958438</subfield>
  </datafield>
  <datafield tag="082" ind1=" " ind2=" ">
    <subfield code="a">069.15</subfield>
    <subfield code="b">SI563p</subfield>
  </datafield>
  <datafield tag="100" ind1=" " ind2=" ">
    <subfield code="a">Sibaja Hidalgo, Antonieta</subfield>
    <subfield code="9">6460</subfield>
  </datafield>
  <datafield tag="245" ind1=" " ind2=" ">
    <subfield code="a">Mi primera visita al MADC</subfield>
  </datafield>
  <datafield tag="260" ind1=" " ind2=" ">
    <subfield code="a">San Jos&#xE9;, CR</subfield>
    <subfield code="b">Museo de Arte y Dise&#xF1;o Contempor&#xE1;neo</subfield>
    <subfield code="c">2017</subfield>
  </datafield>
  <datafield tag="300" ind1=" " ind2=" ">
    <subfield code="a">50 p.</subfield>
    <subfield code="b">ill (col)</subfield>
    <subfield code="c">24.5 x 21 cm</subfield>
  </datafield>
  <datafield tag="505" ind1=" " ind2=" ">
    <subfield code="t">Presentaci&#xF3;n: Veo veo...&#xBF;Qu&#xE9; ves?</subfield>
    <subfield code="r">Antonieta Sibaja Hidalgo</subfield>
    <subfield code="t">Mi primer visita al MADC</subfield>
    <subfield code="t">Obra: Tr&#xF3;pico H&#xFA;medo</subfield>
    <subfield code="r">Mario Maffioli</subfield>
    <subfield code="t">Obra: Equilibrista</subfield>
    <subfield code="r">Patricia Belli</subfield>
    <subfield code="t">Obra: Sin t&#xED;itulo</subfield>
    <subfield code="r">Charles Ross</subfield>
    <subfield code="t">Obra: Sin T&#xED;tulo</subfield>
    <subfield code="r">Jorge Balboa</subfield>
    <subfield code="t">Obra: Memoria silenciosa</subfield>
    <subfield code="r">Juan Luis Rodr&#xED;guez Sibaja</subfield>
    <subfield code="t">Obra: Hamburguesas McDonalds invaden Jap&#xF3;n/ Zapateo Ginza</subfield>
    <subfield code="r">Masami Teraoka</subfield>
    <subfield code="t">Obra: Transformaci&#xF3;n del rostro</subfield>
    <subfield code="r">Otto Apuy</subfield>
    <subfield code="t">Contando tu historia</subfield>
    <subfield code="t">Traducciones</subfield>
  </datafield>
  <datafield tag="650" ind1=" " ind2=" ">
    <subfield code="x">museos</subfield>
    <subfield code="x">museos - servicios de instituci&#xF3;n</subfield>
    <subfield code="x">museos - visitas</subfield>
    <subfield code="x">museos - ni&#xF1;os</subfield>
    <subfield code="x">museos - MADC - Costa Rica</subfield>
    <subfield code="9">6461</subfield>
  </datafield>
  <datafield tag="999" ind1=" " ind2=" ">
    <subfield code="c">1525</subfield>
    <subfield code="d">1525</subfield>
  </datafield>
  <datafield tag="952" ind1=" " ind2=" ">
    <subfield code="0">0</subfield>
    <subfield code="1">0</subfield>
    <subfield code="2">ddc</subfield>
    <subfield code="4">0</subfield>
    <subfield code="7">0</subfield>
    <subfield code="a">LV</subfield>
    <subfield code="b">LV</subfield>
    <subfield code="c">Pensamiento</subfield>
    <subfield code="d">2018-07-04</subfield>
    <subfield code="l">0</subfield>
    <subfield code="o">069.15 SI563p</subfield>
    <subfield code="p">004621</subfield>
    <subfield code="r">2018-07-04 00:00:00</subfield>
    <subfield code="w">2018-07-04</subfield>
    <subfield code="y">01</subfield>
  </datafield>
</record>
